000 00885cab a2200253 4500
001 WB3109-10
008 090401t1995 xxu||||| |||| 00| 0 eng d
035 _a(Sirsi) u15394
041 _aeng
245 _aReasons for property investment
260 _c1995
350 _a0
490 _aFinancial Times
_v3 March 1995, 28(1)
520 _aInvestment in property provides only partial protection from inflation, with office properties appearing to be a poor hedge against inflation. "Property and inflation" Barber White Property Economics £175.
650 _aBARBER WHITE PROPERTY ECONOMICS
650 _aFUND MANAGEMENT
650 _aINFLATION
650 _aINVESTMENT
650 _aPROPERTY INVESTMENT
690 _aPROPERTY-COMMERCIAL PROPERTY-COMMERCIAL PROPERTY FINANCE AND INVESTMENT
690 _aFINANCE AND INVESTMENT
942 _n0
948 _c04/03/1997
999 _c10092
_d10092